Southville International School and Colleges
Your cart is empty.
  • Cart
  • Lists
    Public lists Eva Luna New books Lux_list list_1
    Your lists Log in to create your own lists
  • Log in to your account
  • Your cookies
  • Search history
Southville International School and Colleges
  • Advanced search
  • Recent comments
  • Most popular
  • Libraries

Log in to your account

Log in with GOOGLE


If you do not have an external account, but do have a local account, you can still log in:

  1. Home
  2. MARC view: Hotel rooms division management and control system /
Normal view MARC view ISBD view

Hotel rooms division management and control system / (Record no. 276908)

[ view plain ]
MARC details
000 -LEADER
fixed length control field 00596nam a2200181 a 4500
001 - CONTROL NUMBER
control field FIB033297
005 - DATE AND TIME OF LATEST TRANSACTION
control field 20141210152038.0
008 - FIXED-LENGTH DATA ELEMENTS--GENERAL INFORMATION
fixed length control field
020 ## - INTERNATIONAL STANDARD BOOK NUMBER
International Standard Book Number 9789719533870
050 ## - LIBRARY OF CONGRESS CALL NUMBER
Classification number TX 911.3.M27
Item number .R618 2012
100 ## - MAIN ENTRY--PERSONAL NAME
Personal name Rodolfa, Bernardo B.
245 #0 - TITLE STATEMENT
Title Hotel rooms division management and control system /
Statement of responsibility, etc Bernardo B. Rodolfa.
260 ## - PUBLICATION, DISTRIBUTION, ETC. (IMPRINT)
Place of publication, distribution, etc Manila :
Name of publisher, distributor, etc Purely Books Trading & Publishing Corp.,
Date of publication, distribution, etc 2012.
300 ## - PHYSICAL DESCRIPTION
Extent xii, 98 p. :
Other physical details ill. ;
Dimensions 23 cm.
504 ## - BIBLIOGRAPHY, ETC. NOTE
Bibliography, etc Includes bibliographical references.
650 ## - SUBJECT ADDED ENTRY--TOPICAL TERM
Topical term or geographic name as entry element Hotel management.
942 ## - ADDED ENTRY ELEMENTS (KOHA)
Source of classification or shelving scheme Library of Congress Classification
Koha item type Books
Call number prefix Filipininana
Holdings
Withdrawn status Lost status Source of classification or shelving scheme Damaged status Home library Current library Shelving location Date acquired Sub Shelving location Total Checkouts Total Renewals Full call number Barcode Date last seen Date checked out Price effective from Koha item type
    Library of Congress Classification   College Library College Library Filipiniana Section 12/10/2014   1 6 TX 911.3.M27 .R618 2012 C18998 05/08/2018 06/27/2016 12/10/2014 Books

Hotel rooms division management and control system /

APA

Rodolfa B. B., . (2012). Hotel rooms division management and control system. Manila: Purely Books Trading & Publishing Corp.

Chicago

Rodolfa Bernardo B, . 2012. Hotel rooms division management and control system. Manila: Purely Books Trading & Publishing Corp.

Harvard

Rodolfa B. B., . (2012). Hotel rooms division management and control system. Manila: Purely Books Trading & Publishing Corp.

MLA

Rodolfa Bernardo B, . Hotel rooms division management and control system. Manila: Purely Books Trading & Publishing Corp. 2012.

  • Place hold
  • Print
  • Cite
  • Add to your cart (remove)
  • Save record
    BIBTEX Dublin Core MARCXML MARC (non-Unicode/MARC-8) MARC (Unicode/UTF-8) MARC (Unicode/UTF-8, Standard) MODS (XML) RIS
  • More searches
    Search for this title in:
    Other Libraries (WorldCat) Other Databases (Google Scholar) Online Stores (Bookfinder.com) Open Library (openlibrary.org)

Exporting to Dublin Core...

SOUTHVILLE LIBRARY

Southville International School and Colleges Library

1281 Tropical Ave. Cor. Luxembourg St., BF Homes International, Las Pinas City

Tel. No. 8256374 / 252358 Loc. 117/146

Powered by Koha